000 00450cam a2200193ua 4500
001 3122
008 110929n ii |||gr||||Z||||||asm
020 _a81-7339-117-3
040 _cMAIN
082 _a891.4513
100 1 _aKashyap, Hiranya,
_eAuthor.
245 1 1 _aSeemanta
_cby Hiranya Kashyap
250 _a1st.
260 _aGuahati:
_bBanalata,996.
300 _a360p:
_c23cm.
653 _aAssamese Novel
653 _aSeemanta
942 _cBK
999 _c2968
_d2968